02077cam a2200277 i 45000010008000000030006000080050017000140060019000310070015000500080041000650200027001060400036001330410012001690500022001811000035002032450094002382640042003322640011003743000014003855050133003995060060005325200971005925880047015636500016016107760173016269846675CaAEU20250707141834.0m o d cr |||||||||||210611s2021 enk o 000 0 eng d a9781783965373q(print) aCaONFJCbengerdacCaONFJCdAEU aEnglish14aJC319b.M377 2021 aMarshall, Tim,d1959-eauthor.14aThe power of geography b: ten maps that reveal the future of our world c/ Tim Marshall. 1aLondon :bElliott & Thompson,c[2021] 4c©2021 a312 pages aAustralia — Iran — Saudi Arabia — The United Kingdom — Greece — Turkey — The Sahel — Ethiopia — Spain — Space. aAccess restricted to authorized users and institutions. aTim Marshall’s global bestseller Prisoners of Geography showed how every nation’s choices are limited by mountains, rivers, seas and concrete. Since then, the geography hasn’t changed. But the world has. In this revelatory new book, Marshall explores ten regions that are set to shape global politics in a new age of great-power rivalry: Australia, Iran, Saudi Arabia, the UK, Greece, Turkey, the Sahel, Ethiopia, Spain and Space. Find out why Europe’s next refugee crisis is closer than it thinks as trouble brews in the Sahel; why the Middle East must look beyond oil and sand to secure its future; why the eastern Mediterranean is one of the most volatile flashpoints of the twenty-first century; and why the Earth’s atmosphere is set to become the world’s next battleground. Delivered with Marshall’s trademark wit and insight, this is a lucid and gripping exploration of the power of geography to shape humanity’s past, present – and future. aDescription based on print version record. 0aGeopolitics08iPrint version:aMarshall, Tim, 1959-tPower of geography : ten maps that reveal the future of our world.dLondon : Elliott & Thompson, c2021 h312 pages z9781783965373